000 00856nam a2200217 a 4500
003 0
005 20250331082041.0
008 050810s19uu xx 00 eng d
050 _aPGS HQ 806
_b.Y51 2005
100 _aYim, Han Na.
245 _aComparative study on perception of grade 8 students and married adults on early marriage /
_cHan Na Yim.
260 _aLas PiƱas City, Philippines :
_bSouthville International School and Colleges,
_c2005.
300 _a37 pages :
_billustrations ;
_c28 cm.
504 _aIncludes bibliographical references.
650 _aTeenagers
_vAttitudes toward marriage.
650 _aMarried people
_vAttitudes toward marriage.
650 _aEarly marriage
_vSocial aspects.
650 _aIntergenerational perception
_vMarriage.
650 _aAdolescent psychology
_vMarriage expectations.
942 _2lcc
_cPASS
999 _c97443
_d97443